Ingenio : (Registro nro. 20172)

Detalles MARC
000 -CABECERA
Campo de control 01014nas a2200241 a 4500
005 - FECHA Y HORA DE LA ULTIMA TRANSACCION
Campo de control 20191224042347.0
008 - ELEMENTOS DE LONGITUD FIJA—INFORMACION GENERAL
Campo de control 130614c20059999ck rzp r 0 b spa d
022 ## - ISSN
ISSN 2011-5822
040 ## - FUENTE DE CATALOGACIÓN
Agencia catalogadora original CO-BoBLA
Agencia transcriptora CO-BoBLA
Agencia Modificadora CO-BoIAVH
041 0# - IDIOMA
Código de idioma para texto/pista de sonido o título separado Español
044 ## - PAÍS DE PUBLICACIÓN
País de publicación Colombia
090 ## - CLASIFICACIÓN LOCAL
Colección SE
245 00 - MENCION DE TITULO
Título Ingenio :
Parte restante del título revista de divulgación científica infantil y juvenil
260 ## - PUBLICACION, DISTRIBUCION, ETC. (PIE DE IMPRENTA)
Lugar de publicación, distribución, etc. Medellín (Colombia) :
Nombre del editor, distribuidor, etc. Universidad Pontificia Bolivariana,
Fecha de publicación, distribución, etc. [2005]-.
300 ## - DESCRIPCION FISICA
Otros detalles físicos ilustraciones y fotos a color ;
Dimensiones 20 x 20 cm.
610 26 - ASIENTO SECUNDARIO DE MATERIA - NOMBRE CORPORATIVO
Nombre corporativo o nombre de la jurisdicción como elemento de entrad Universidad Pontificia Bolivariana
Subdivisión general Investigaciones
Subdivisión de forma Publicaciones periódicas
650 26 - ASIENTO SECUNDARIO DE MATERIA - TERMINO TEMATICO
Término temático o nombre geográfico como elemento de entrada Historia natural
Subdivisión general Literatura infantil
Subdivisión de forma Publicaciones periódicas
9 (RLIN) 91008
650 26 - ASIENTO SECUNDARIO DE MATERIA - TERMINO TEMATICO
Término temático o nombre geográfico como elemento de entrada Historia natural
Subdivisión de forma Literatura juvenil
-- Publicaciones periódicas
9 (RLIN) 91009
650 26 - ASIENTO SECUNDARIO DE MATERIA - TERMINO TEMATICO
Término temático o nombre geográfico como elemento de entrada Comunicación científica.
Subdivisión de forma Publicaciones periódicas
9 (RLIN) 91010
651 #4 - ASIENTO SECUNDARIO DE MATERIA - NOMBRE GEOGRAFICO
Nombre geográfico Medellín (Colombia)
Subdivisión de forma Publicaciones periódicas
9 (RLIN) 91011
710 2# - ASIENTO SECUNDARIO - NOMBRE CORPORATIVO
Nombre corporativo o de jurisdicción como elemento de entrada Universidad Pontificia Bolivariana
9 (RLIN) 14845
942 ## - ELEMENTOS ADICIONALES (KOHA)
Sistema de clasificación Local
Tipo de ítem Periodica o revista
Serial record 1
Existencias
Withdrawn status Lost status Sistema de Clasificación Damaged status No para préstamo Colección Fecha publicación (Año) Volumen revista Número revista Ubicación Permanente Ubicación actual Fecha de adquisición Datos de publicación Seriada Total Checkouts Número topográfico Inventario / Código de Barras Date last seen Ejemplar Price effective from Forma de adquisición Tipo de material
    Local     Hemeroteca 2017 8 2 Bogotá Bogotá 07/05/2018 Vol 8, No 2   SE 030092 07/05/2018 Ej. 1 07/05/2018 Donación Periodica o revista
    Local     Hemeroteca 2012 3 1 Bogotá Bogotá 07/05/2018 Vol 3, No 1   SE 030087 07/05/2018 Ej. 1 07/05/2018 Donación Periodica o revista
    Local     Hemeroteca 2018 9 1 Bogotá Bogotá 07/05/2018 Vol 9, No 1   SE 030094 07/05/2018 Ej. 1 07/05/2018 Donación Periodica o revista
    Local     Hemeroteca 2012 3 2 Bogotá Bogotá 07/05/2018 Vol 3, No 2   SE 030088 07/05/2018 Ej. 1 07/05/2018 Donación Periodica o revista
    Local     Hemeroteca 2017 8 1 Bogotá Bogotá 07/05/2018 Vol 8, No 1   SE 030091 07/05/2018 Ej. 1 07/05/2018 Donación Periodica o revista
    Local     Hemeroteca 2017 8 2 Bogotá Bogotá 07/05/2018 Vol 8, No 2   SE 030093 07/05/2018 Ej. 2 07/05/2018 Donación Periodica o revista
    Local     Hemeroteca 2018 9 1 Bogotá Bogotá 07/05/2018 Vol 9, No 1   SE 030095 07/05/2018 Ej. 2 07/05/2018 Donación Periodica o revista
    Local     Hemeroteca 2011 2 1 Bogotá Bogotá 07/05/2018 Vol 2, No 1   SE 030086 07/05/2018 Ej. 1 07/05/2018 Donación Periodica o revista
    Local     Hemeroteca 2016 7 2 Bogotá Bogotá 07/05/2018 Vol 7, No 2   SE 030090 07/05/2018 Ej. 1 07/05/2018 Donación Periodica o revista
    Local     Hemeroteca 2014 5 1 Bogotá Bogotá 07/05/2018 Vol 5, No 1   SE 030089 07/05/2018 Ej. 1 07/05/2018 Donación Periodica o revista